00734 a2200205 4500010001400000020002300014035001300037037001800050082001200068090001500080100001700095245007700112260003900189270006200228300002400290500004000314942002700354999001500381952013200396 aENG-85442 c250.00a8179771407 aEN-68975 bD.B.Act / Pub00a181.499 c3080d3080 aSingh, R. K.1 aSri Aurobindo's Savitricby R. K. Singhbessays on love, life, and death aBareillybPrakash Book Depotc2005 aBara BazarbBareillye243003cUttar Pradeshk0581-2470217 a176 p.c21 cm. (Hb) aIncludes bibliographical references adplcENk181.499 / SIN c3019d3019 00102ddc40718NFICaDBADbDBADeDBAD/PUBg250.00l0o181.499pEN-68975r2008-09-15 00:00:00t1u3213v250.00w2008-09-15yEN